书目信息 |
| 题名: |
酪氨酸酶抑制剂的合成及在食品中的应用
|
|
| 作者: | 刘进兵 著 | |
| 分册: | ||
| 出版信息: | 北京 中国纺织出版社 2016.12 |
|
| 页数: | 413页 | |
| 开本: | 24cm | |
| 丛书名: | ||
| 单 册: | ||
| 中图分类: | Q554 | |
| 科图分类: | ||
| 主题词: | 酪氨酸酶--抑制剂--研究 | |
| 电子资源: | ||
| ISBN: | 978-7-5180-3180-1 | |
| 000 | 00853nam0 2200229 450 | |
| 001 | 0400004661 | |
| 005 | 20171024145452.0 | |
| 010 | @a978-7-5180-3180-1@dCNY89.00 | |
| 100 | @a20170802d2016 em y0chiy50 ea | |
| 101 | 0 | @achi@aeng |
| 102 | @aCN@b110000 | |
| 105 | @ay z 000yy | |
| 106 | @ar | |
| 200 | 1 | @a酪氨酸酶抑制剂的合成及在食品中的应用@9lao an suan mei yi zhi ji de he cheng ji zai shi pin zhong de ying yong@f刘进兵著 |
| 210 | @a北京@c中国纺织出版社@d2016.12 | |
| 215 | @a413页@d24cm | |
| 330 | @a本书结合作者多年研究酪氨酸酶抑制剂的成果,阐述化学合成酪氨酸酶抑制剂研究进展及其在食品中的应用。本书可以作为从事食品工业相关技术员的工具书和大专院校相关专业的教学参考书。 | |
| 606 | 0 | @a酪氨酸酶@x抑制剂@x研究 |
| 690 | @aQ554@v5 | |
| 701 | 0 | @a刘进兵@9liu jin bing@4著 |
| 801 | 0 | @aCN@b91MARC@c20171024 |
| 905 | @b1038710-4@dQ554@f5@e245 | |
| 酪氨酸酶抑制剂的合成及在食品中的应用/刘进兵著.-北京:中国纺织出版社,2016.12 |
| 413页;24cm |
| ISBN 978-7-5180-3180-1:CNY89.00 |
| 本书结合作者多年研究酪氨酸酶抑制剂的成果,阐述化学合成酪氨酸酶抑制剂研究进展及其在食品中的应用。本书可以作为从事食品工业相关技术员的工具书和大专院校相关专业的教学参考书。 |
| ● |
| 相关链接 |
|
|
|
|
正题名:酪氨酸酶抑制剂的合成及在食品中的应用
索取号:Q554/245
 
预约/预借
| 序号 | 登录号 | 条形码 | 馆藏地/架位号 | 状态 | 备注 |
| 1 | 1038710 | 210387106 | 第二样本阅览室/ [索取号:Q554/245] | 在馆 | |
| 2 | 1038711 | 210387115 | 密集书库-生命科学系/ [索取号:Q554/245] | 在馆 | |
| 3 | 1038712 | 210387124 | 第三借阅区/ [索取号:Q554/245] | 在馆 | |
| 4 | 1038713 | 210387133 | 第三借阅区/ [索取号:Q554/245] | 在馆 | |
| 5 | 1038714 | 210387142 | 第三借阅区/ [索取号:Q554/245] | 在馆 |